Don't Forget 'The' Movie II Quiz Stats

 Plays Quiz Updated Dec 10, 2014

Challenge
Share
Tweet
Embed
Score 0/25 Timer 04:00
2 Plays Today
% Correct
Da Vinci Code
91.8%
Lion King
89.9%
A-Team
89.7%
Graduate
89.3%
40 Year Old Virgin
89.2%
Dark Knight
89.1%
Bourne Ultimatum
86.6%
Blind Side
86.4%
Last Samurai
85.6%
Pianist
85.5%
Truman Show
82.7%
Karate Kid
80.5%
Aviator
80.1%
% Correct
Parent Trap
79%
Princess Bride
78.8%
Passion of the Christ
78.1%
Crying Game
76.1%
Perfect Storm
75.8%
Pink Panther
72%
Elephant Man
69.6%
Grand Budapest Hotel
64.4%
Bridge on the River Kwai
64.1%
Killing Fields
63.9%
Wicker Man
51.9%
Treasure of the Sierra Madre
46.4%

You're not logged in!

Compare scores with friends on all Sporcle quizzes.
OR
Log In

You Might Also Like...

Show Comments

Extras

Top Quizzes Today


Score Distribution

Your Account Isn't Verified!

In order to create a playlist on Sporcle, you need to verify the email address you used during registration. Go to your Sporcle Settings to finish the process.

Report this User

Report this user for behavior that violates our Community Guidelines.

Details: